000 00735cab a2200229 4500
001 ABS41921
008 090401t1989 xxu||||| |||| 00| 0 eng d
035 _a(Sirsi) u33487
041 _aeng
100 _aBond, R.
245 _aWill the tolls do the trick?
260 _c1989
350 _a0
490 _aSurveyor
_v172(5073) 30 November 1989, 10-13(4)
520 _aReports on proposals to build Birmingham `s Northern Relief Road and assesses its likely impact on the road network in the Midlands .
650 _aPRIVATE SECTOR
650 _aPROPERTY-INFRASTRUCTURE-TRANSPORT INFRASTRUCTURE-ROAD INFRASTRUCTURE
650 _aTOLL ROADS
690 _aTRANSPORT AND COMMUNICATIONS
942 _n0
948 _c04/03/1997
999 _c22369
_d22369